000 04715cam a22013214i 4500
003 PE-LiUPU
005 20250813185526.0
008 150706s2004 mx a rb 000 0 spa d
020 _a9701046641
020 _a9789701046647
035 _a(Sirsi) i9789701046647
040 _aPE-LiUPU
_bspa
_cPE-LiUPU
_erda
049 _aPRUA
082 0 4 _a373.19098
_bP79
_221
082 0 4 _a375.001
_bP79
100 1 _aPosner, George J.,
_eautor.
245 1 0 _aAnálisis del currículo /
_cGeorge J. Posner, prólogo Dra. Frida Díaz Barriga.
250 _aTercera edición.
264 1 _aMéxico :
_bMcGraw-Hill Interamericana,
_c2004.
300 _a345 páginas :
_bilustraciones ;
_c23 centímetros
336 _atext
_2rdacontent
337 _aunmediated
_2rdamedia
338 _avolume
_2rdacarrier
504 _aBibliografía : página 317 - 331.
505 0 _aDocumentación curricular y orígenes -- Conceptos de currículo y propósitos del estudio de currículo -- Ubicación del currículo -- Perspectivas teóricas del currículo -- El currículo apropiado: propósito y contenido del currículo, conceptos básicos -- Propósito y contenido del currículo: Perspectivas en conflicto -- Organización de un currículo: conceptos básicos -- Organización de un currículo: perspectivas en conflicto -- El currículo en operación -- Propósito y contenido del currículo: conceptos básicos -- Implementación de un currículo: enfoques en conflicto -- Evaluación de un currículo: conceptos básicos -- Evaluación de un currículo: perspectivas en conflicto -- Crítica de un curriculo -- Nuevo examen y crítica.
526 _aP202
526 _aP201
526 _aP163
526 _aP162
526 _aP161
526 _aP160
526 _aP148
526 _aP147
526 _aP146
526 _aP145
526 _aP144
526 _aP143
526 _aP142
526 _aP141
526 _aP140
526 _aP139
526 _aP138
526 _aP137
526 _aP136
526 _aP135
526 _aP134
526 _aP133
526 _aP129
526 _aP128
526 _aP127
526 _aP120
526 _aP119
526 _aP118
526 _aP116
526 _aP115
526 _aP114
526 _aP110
526 _aP109
526 _aP108
526 _aP104
526 _aP103
526 _aP102
526 _aP99
526 _aP98
526 _aP97
526 _aP96
526 _aP95
526 _aP93
526 _aP90
526 _aP89
526 _aP88
526 _aP83
526 _aP82
526 _aP62
526 _aP59
526 _aP58
526 _aP57
526 _aP51
526 _aP49
526 _aP48
526 _aP47
526 _aP29
526 _aP24
526 _aP20
526 _aP19
526 _aP17
526 _aP15
526 _aP14
526 _aP12
526 _aP10
526 _aP09
526 _aP08
526 _aP07
526 _aP06
526 _aP05
526 _aP04
526 _aP01
541 _g015-0012928;
650 1 4 _aEducación
_xCurrículo.
700 1 _aDíaz Barriga, Frida,
_eprol.
910 _bjv
_clch
_d20070809
910 _btqv
_cwelc
_d20180510
942 _2ddc
_cBOOK
949 _a373.19098 P79
_wDEWEY
_c1
_i57314
_lCCODEBUL1
_mBUL
_p33.00
_r0
_sY
_tBOOK
_u2015-6-25
_xEDUCACION
_PP20
_0COMPRA
_o.CIRCNOTE. No olvidar cambiar la fecha de devolución!!!!!!!
_o.STAFF. Colección General
949 _aPGE 373.19098 P79
_wDEWEY
_c1
_i63109
_lCCODEBUL1
_mBUL
_p35.00
_r0
_sY
_tBOOK
_u2015-7-6
_xEDUCACION
_PP57
_0COMPRA
_o.CIRCNOTE. No olvidar cambiar la fecha de devolución!!!!!!!
_o.STAFF. Colección General
949 _a375.001 P79
_wDEWEY
_c1
_iFJ05180
_lCCODEBUJ1
_mBUJ
_p12.30
_r0
_sY
_tBOOK
_u2018-05-10
_xEDUCACION
_PP14
_0COMPRA
_o.STAFF. Colección General Juliaca
994 _aC0
_bPEPRU
596 _a1 3
999 _a373.19098 P79
_wDEWEY
_c46396
_i57314
_d46396
_f2021-11-8
_g4
_lCCODEBUL1
_mBUL
_p33.00
_q1
_r0
_sN
_tBOOK
_u2015-6-25
_xEDUCACION
_PP20
_0COMPRA
_o.CIRCNOTE. No olvidar cambiar la fecha de devolución!!!!!!!
_o.STAFF. Colección General
999 _aPGE 373.19098 P79
_wDEWEY
_c1
_i63109
_f2021-11-8
_g4
_lCCODEBUL1
_mBUL
_p35.00
_r0
_sN
_tBOOK
_u2015-7-6
_xEDUCACION
_PP57
_0COMPRA
_o.CIRCNOTE. No olvidar cambiar la fecha de devolución!!!!!!!
_o.STAFF. Colección General
999 _a375.001 P79
_wDEWEY
_c1
_iFJ05180
_f2022-1-18
_g2
_lCCODEBUJ1
_mBUJ
_p12.30
_r0
_sY
_tBOOK
_u2015-10-6
_xEDUCACION
_PP14
_0COMPRA
_o.STAFF. Colección General Juliaca
980 _81
_gALBERTO SANCHEZ Responsable de Automatización